01253cam a22003497a 4500003000500000005001700005008004100022010001000063011001000073035001000083040000900093090001000102100003600112245006500148260004300213300001900256502007700275590003700352590004100389590004100430590004100471590004100512590004100553590004200594650002200636650004000658901000700698942001000705949004300715999001700758952012800775CHAP20220329135812.0971013s1950 r 00010 d a42441 a43413 a47549 cCHAP aTesis00aFrayre Jemente, María.94308513aEl cultivo del ajonjolí en el Valle del Río Mayo, Sonora aCd. Juárez, Chih. :bEl autor,c1950 a38 h.b: ilus. aTesis (Ing. Agrónomo) -- Esc. Superior de Agricultura Hermanos Escobar aALEPHb10c20130110lUCH01h1311 aBATCH-UPDb10c20130109lUCH01h2317 aBATCH-UPDb10c20130110lUCH01h2308 aBATCH-UPDb10c20130409lUCH01h1839 aBATCH-UPDb10c20130410lUCH01h1559 aBATCH-UPDb10c20130913lUCH01h2334 aCONVERSIONb10c20130109lUCH01h132314aAjonjolí.9322314aPlantas oleaginosasxSonora.989054 aBK cTESIS bBCcTESd-108028eTS1h17082i47549si c42441d42441 00102local4051708TESISaBCbBCcPA_TESISd2019-12-31fTESISl0oTesisp-108028r2019-12-31 00:00:00w2019-12-31yTESIS